<?xml version="1.0" encoding="UTF-8"?>
<record
    xmlns:xsi="http://www.w3.org/2001/XMLSchema-instance"
    xsi:schemaLocation="http://www.loc.gov/MARC21/slim http://www.loc.gov/standards/marcxml/schema/MARC21slim.xsd"
    xmlns="http://www.loc.gov/MARC21/slim">

  <leader>00491nam a22001937a 4500</leader>
  <controlfield tag="008">210326b        xxu||||| |||| 00| 0 eng d</controlfield>
  <datafield tag="020" ind1=" " ind2=" ">
    <subfield code="a">9788120336179</subfield>
  </datafield>
  <datafield tag="082" ind1=" " ind2=" ">
    <subfield code="a">510/Sa79e</subfield>
  </datafield>
  <datafield tag="100" ind1=" " ind2=" ">
    <subfield code="a">Sastry, S.S.</subfield>
  </datafield>
  <datafield tag="245" ind1=" " ind2=" ">
    <subfield code="a">Engineering mathematics</subfield>
  </datafield>
  <datafield tag="250" ind1=" " ind2=" ">
    <subfield code="a">4th ed.</subfield>
  </datafield>
  <datafield tag="260" ind1=" " ind2=" ">
    <subfield code="a">New Delhi:</subfield>
    <subfield code="b">Asoke K. Ghosh,</subfield>
    <subfield code="c">2014.</subfield>
  </datafield>
  <datafield tag="300" ind1=" " ind2=" ">
    <subfield code="a">xiv, 610p.; illus.</subfield>
  </datafield>
  <datafield tag="504" ind1=" " ind2=" ">
    <subfield code="a">Bibliography: p. 603-606</subfield>
  </datafield>
  <datafield tag="650" ind1=" " ind2=" ">
    <subfield code="a">Mathematics</subfield>
  </datafield>
  <datafield tag="650" ind1=" " ind2=" ">
    <subfield code="a">Engineering</subfield>
  </datafield>
  <datafield tag="650" ind1=" " ind2=" ">
    <subfield code="a">Equations</subfield>
  </datafield>
  <datafield tag="942" ind1=" " ind2=" ">
    <subfield code="2">ddc</subfield>
    <subfield code="c">GEN</subfield>
  </datafield>
  <datafield tag="999" ind1=" " ind2=" ">
    <subfield code="c">99062</subfield>
    <subfield code="d">99051</subfield>
  </datafield>
  <datafield tag="952" ind1=" " ind2=" ">
    <subfield code="0">0</subfield>
    <subfield code="1">0</subfield>
    <subfield code="2">ddc</subfield>
    <subfield code="4">0</subfield>
    <subfield code="7">0</subfield>
    <subfield code="a">TUCL</subfield>
    <subfield code="b">TUCL</subfield>
    <subfield code="c">NB</subfield>
    <subfield code="d">2021-03-26</subfield>
    <subfield code="l">0</subfield>
    <subfield code="o">510/Sa79e</subfield>
    <subfield code="p">164171</subfield>
    <subfield code="r">2021-03-26 00:00:00</subfield>
    <subfield code="w">2021-03-26</subfield>
    <subfield code="y">GEN</subfield>
  </datafield>
  <datafield tag="952" ind1=" " ind2=" ">
    <subfield code="0">0</subfield>
    <subfield code="1">0</subfield>
    <subfield code="2">ddc</subfield>
    <subfield code="4">0</subfield>
    <subfield code="7">0</subfield>
    <subfield code="a">TUCL</subfield>
    <subfield code="b">TUCL</subfield>
    <subfield code="c">NB</subfield>
    <subfield code="d">2021-03-26</subfield>
    <subfield code="l">0</subfield>
    <subfield code="o">510/Sa79e</subfield>
    <subfield code="p">164172</subfield>
    <subfield code="r">2021-03-26 00:00:00</subfield>
    <subfield code="w">2021-03-26</subfield>
    <subfield code="y">GEN</subfield>
  </datafield>
  <datafield tag="952" ind1=" " ind2=" ">
    <subfield code="0">0</subfield>
    <subfield code="1">0</subfield>
    <subfield code="2">ddc</subfield>
    <subfield code="4">0</subfield>
    <subfield code="7">0</subfield>
    <subfield code="a">TUCL</subfield>
    <subfield code="b">TUCL</subfield>
    <subfield code="c">NB</subfield>
    <subfield code="d">2021-03-26</subfield>
    <subfield code="l">0</subfield>
    <subfield code="o">510/Sa79e</subfield>
    <subfield code="p">164173</subfield>
    <subfield code="r">2021-03-26 00:00:00</subfield>
    <subfield code="w">2021-03-26</subfield>
    <subfield code="y">GEN</subfield>
  </datafield>
  <datafield tag="952" ind1=" " ind2=" ">
    <subfield code="0">0</subfield>
    <subfield code="1">0</subfield>
    <subfield code="2">ddc</subfield>
    <subfield code="4">0</subfield>
    <subfield code="7">0</subfield>
    <subfield code="a">TUCL</subfield>
    <subfield code="b">TUCL</subfield>
    <subfield code="c">NB</subfield>
    <subfield code="d">2021-03-26</subfield>
    <subfield code="l">0</subfield>
    <subfield code="o">510/Sa79e</subfield>
    <subfield code="p">164174</subfield>
    <subfield code="r">2021-03-26 00:00:00</subfield>
    <subfield code="w">2021-03-26</subfield>
    <subfield code="y">GEN</subfield>
  </datafield>
  <datafield tag="952" ind1=" " ind2=" ">
    <subfield code="0">0</subfield>
    <subfield code="1">0</subfield>
    <subfield code="2">ddc</subfield>
    <subfield code="4">0</subfield>
    <subfield code="7">0</subfield>
    <subfield code="a">TUCL</subfield>
    <subfield code="b">TUCL</subfield>
    <subfield code="c">NB</subfield>
    <subfield code="d">2021-03-26</subfield>
    <subfield code="l">0</subfield>
    <subfield code="o">510/Sa79e</subfield>
    <subfield code="p">164175</subfield>
    <subfield code="r">2021-03-26 00:00:00</subfield>
    <subfield code="w">2021-03-26</subfield>
    <subfield code="y">GEN</subfield>
  </datafield>
  <datafield tag="952" ind1=" " ind2=" ">
    <subfield code="0">0</subfield>
    <subfield code="1">0</subfield>
    <subfield code="2">ddc</subfield>
    <subfield code="4">0</subfield>
    <subfield code="7">0</subfield>
    <subfield code="a">TUCL</subfield>
    <subfield code="b">TUCL</subfield>
    <subfield code="d">2025-05-06</subfield>
    <subfield code="l">0</subfield>
    <subfield code="o">510/Sa79e</subfield>
    <subfield code="p">164166</subfield>
    <subfield code="r">2025-05-06 14:51:12</subfield>
    <subfield code="w">2025-05-06</subfield>
    <subfield code="y">GEN</subfield>
  </datafield>
  <datafield tag="952" ind1=" " ind2=" ">
    <subfield code="0">0</subfield>
    <subfield code="1">0</subfield>
    <subfield code="2">ddc</subfield>
    <subfield code="4">0</subfield>
    <subfield code="7">0</subfield>
    <subfield code="a">TUCL</subfield>
    <subfield code="b">TUCL</subfield>
    <subfield code="c">NB</subfield>
    <subfield code="d">2025-05-06</subfield>
    <subfield code="l">0</subfield>
    <subfield code="o">510/Sa79e</subfield>
    <subfield code="p">164170</subfield>
    <subfield code="r">2025-05-06 14:52:23</subfield>
    <subfield code="w">2025-05-06</subfield>
    <subfield code="y">GEN</subfield>
  </datafield>
  <datafield tag="952" ind1=" " ind2=" ">
    <subfield code="0">0</subfield>
    <subfield code="1">0</subfield>
    <subfield code="2">ddc</subfield>
    <subfield code="4">0</subfield>
    <subfield code="7">0</subfield>
    <subfield code="a">TUCL</subfield>
    <subfield code="b">TUCL</subfield>
    <subfield code="c">NB</subfield>
    <subfield code="d">2025-05-07</subfield>
    <subfield code="l">0</subfield>
    <subfield code="o">510/Sa79e</subfield>
    <subfield code="p">164168</subfield>
    <subfield code="r">2025-05-07 12:43:04</subfield>
    <subfield code="w">2025-05-07</subfield>
    <subfield code="y">GEN</subfield>
  </datafield>
</record>
